| 000 | 01023nam a2200253 4500 | ||
|---|---|---|---|
| 001 | 174562 | ||
| 003 | ES-MaACL | ||
| 005 | 20250709063229.0 | ||
| 008 | 100506s1804 sp p |||| | spa d | ||
| 080 | _a946.023.7".../04" | ||
| 100 | 1 |
_aFlórez, Enrique, _d1702-1773 _9142679 |
|
| 240 | 1 | 0 | _aEspaña sagrada |
| 245 | 1 | 0 |
_aEspaña sagrada. _nTomo XXIV, _pAntiguedades tarracconenses _b: preliminar á las memorias eclesiástica de la Santa iglesia de Tarragona / _cpor Henrique Florez. |
| 250 | _aSegunda impresion. | ||
| 260 |
_aMadrid : _ben la imprenta de Don Josef Collado, _c1804. |
||
| 300 |
_a[8], 374 p. ; _c20 cm. |
||
| 500 | _aApéndices, p.344-355. | ||
| 504 | _aÍndice alfabético de cosas notables del tomo, índice de nombres e índice de siglas, notas o cifras. | ||
| 546 | _aTextos en latín y griego, p. 348-355. | ||
| 651 | 7 |
_aTarragona (Provincia)- _xHistoria _2 _9153507 |
|
| 852 | 4 |
_aES-MaACL _jR-1617-69 _x C-16767-818 |
|
| 999 |
_c174562 _d174562 |
||